00275nam a2200109Ia 4500008004100000100002000041245002500061260000900086300003000095440002400125650001600149180117s9999 xx 000 0 und d aby AA Patawaran aWrite Here Write Now c2017 a20-23 pages, 2017 April 2 aPhilippine Panorama aHALF- ALIVE